| 000 | 02094cam a22004814i 4500 | ||
|---|---|---|---|
| 003 | PE-LiUPU | ||
| 005 | 20250731173324.0 | ||
| 008 | 150625s2003 sp a r 000 0 spa d | ||
| 020 | _a8470574701 | ||
| 035 | _a(Sirsi) i9788470574702 | ||
| 040 |
_aPE-LiUPU _bspa _cPE-LiUPU _erda |
||
| 049 | _aPRUA | ||
| 082 | 0 | 4 |
_a270 _bL84 _221 |
| 100 | 1 |
_aLortz, Joseph, _eautor. |
|
| 245 | 1 | 0 |
_aHistoria de la iglesia en la perspectiva de la historia del pensamiento : _bAntigüedad y Edad Media / _cJoseph Lortz. |
| 264 | 1 |
_aMadrid : _bCristiandad, _c2003. |
|
| 300 |
_a766 páginas : _bilustraciones,mapas ; _c23 centímetros |
||
| 336 |
_atext _2rdacontent |
||
| 337 |
_aunmediated _2rdamedia |
||
| 338 |
_avolume _2rdacarrier |
||
| 505 | 0 | _aAntigüedad: La iglesia en el mundo Greco-romano. -Primera época. La iglesia en el imperio romano "crisatiano". -Edad Media: El período romano germánico. -Primera época. Fundamentos de la Edad Media. -Segunda época. La primera Edad Media. -Tercera época. La alta Edad Media. -Período segundo: El siglo XIII, apogeo de la Edad Media. -Cuarta época. La baja Edad Media. | |
| 526 | _aSEG42 | ||
| 526 | _aSEG41 | ||
| 526 | _aSEG40 | ||
| 526 | _aSEG39 | ||
| 526 | _aP94 | ||
| 526 | _aP87 | ||
| 526 | _aP86 | ||
| 526 | _aP85 | ||
| 526 | _aP77 | ||
| 526 | _aP76 | ||
| 526 | _aP35 | ||
| 541 | _g006-0034650; | ||
| 650 | 0 | 4 |
_aIglesia _xHistoria _yEdad Media. |
| 650 | 0 | 4 |
_aIglesia _xHistoria _yEpoca antigua. |
| 650 | 0 | 4 |
_aChurch _xHistory _yMiddle Age. |
| 650 | 0 | 4 |
_aChurch _xHistory _yancient Period. |
| 942 |
_2ddc _cBOOK |
||
| 949 |
_a270 L84 1 _wDEWEY _c1 _i57821 _d2015-9-30 _e2015-9-28 _lCCODEBUL1 _mBUL _n1 _p37.00 _r0 _sY _tBOOK _u2015-6-25 _xTEOLOGIA _zUNKNOWN _0COMPRA _o.STAFF. Colección General |
||
| 994 |
_aC0 _bPEPRU |
||
| 596 | _a1 | ||
| 999 |
_a270 L84 1 _wDEWEY _c46819 _i57821 _d46819 _e2018-6-19 _f2021-11-11 _g6 _lCCODEBUL1 _mBUL _n4 _p37.00 _q22 _r0 _sY _tBOOK _u2015-6-25 _xTEOLOGIA _zUNKNOWN _0COMPRA _o.STAFF. Colección Teología |
||
| 980 |
_81 _gALBERTO SANCHEZ Responsable de Automatización |
||